Social research : issues, methods and process

Saved in:
Bibliographic Details
Main Author: May, Tim 1957-
Format: Book
Language:English
Published: Buckingham : Open University Press, c2001
Edition:3rd ed.
Subjects:
Tags: Add Tag
No Tags, Be the first to tag this record!

MARC

LEADER 00000nam a2200000 i 4500
001 1/72174
008 050224s2001 eng d
020 |a 0-335-20612-3 (pbk) 
035 |l 10076744 
040 |a GR-MY-UA  |b gre  |e aacr 
041 0 |a eng 
082 0 |a 300.72  |2 (21) 
100 0 |a May, Tim  |d 1957- 
245 1 0 |a Social research :  |b issues, methods and process /  |c Tim May 
250 |a 3rd ed. 
260 |a Buckingham :   |b Open University Press,   |c c2001 
300 |a xiv, 258 σ.;  |c 24 εκ. 
504 |a Περιέχει βιβλιογραφικές παραπομπές (σ. [220]-249) και ευρετήρια 
650 0 0 |a Social sciences  |x Research. 
650 0 0 |a Social sciences  |x Research  |x Methodology. 
650 0 0 |a Sociology  |x Research. 
650 0 0 |a Sociology  |x Methodology. 
852 |a INST  |b LESVOS  |e 20050224  |h 300.72 MAY  |p 005100030203  |q 005100030203  |t BK  |y 0 
901 |a BIBL1-2005-1 
909 |a Λ  |b 116193 
920 |a ΔΙΕΥΡΥΝΣΗ  |b ΕΠΕΑΕΚ/ΤΚ  |y ΛΕΣΒΟΣ  |z 2004-10 
970 |a ΜΑΡΙΝΑΤΟΥ  |b ΜΥΡΣΙΝΗ  |z 2005/02/24